Stratégia a reklamné predmety prehlbujú vzťah s klientom i zákazníkom
Reklamný predmet nie je len darčekom, ale i vecičkou s veľkým reklamným posolstvom. Dve skupiny reklamných predmetov. Správne načasovať a namieriť rozdávanie reklamných predmetov.
Na minha lista:
| Autor principal: | |
|---|---|
| Formato: | Capítulo de Livro |
| Idioma: | eslovaco |
| Assuntos: | |
| Tags: |
Sem tags, seja o primeiro a adicionar uma tag!
|
MARC
| LEADER | 00000naa a2200000 4500 | ||
|---|---|---|---|
| 001 | r041733 | ||
| 005 | 20231002113943.4 | ||
| 041 | 0 | |a slo | |
| 044 | |a SK | ||
| 245 | 1 | 0 | |a Stratégia a reklamné predmety |b prehlbujú vzťah s klientom i zákazníkom |c Zuzana Martinová |
| 520 | |a Reklamný predmet nie je len darčekom, ale i vecičkou s veľkým reklamným posolstvom. Dve skupiny reklamných predmetov. Správne načasovať a namieriť rozdávanie reklamných predmetov. | ||
| 610 | 2 | 0 | |a reklama |
| 610 | 2 | 0 | |a psychológia predaja |
| 610 | 2 | 0 | |a psychológia reklamy |
| 100 | 1 | |a Martinová, Zuzana | |